000
00217nam a2200097 a 4500
005
20200930070543.0
008
110913s1774 000 spa d
245
0
_a
Werther.
260
_a
Paris,
_c
1774.
999
_c
33320
_d
33320
040
_a
DO-SdBNP